Pittsburgh Steelers: Most Passing TDs Each Year - Statistics

General Stats
  • This quiz has been taken 1,538 times
    310 since last reset
  • The average score is 42 of 89
Answer Stats
Year Player TDs % Correct
2004 Ben Roethlisberger 17
100%
2005 Ben Roethlisberger 17
100%
2006 Ben Roethlisberger 18
100%
2007 Ben Roethlisberger 32
100%
2008 Ben Roethlisberger 17
100%
2009 Ben Roethlisberger 26
100%
2010 Ben Roethlisberger 17
100%
2011 Ben Roethlisberger 21
100%
2012 Ben Roethlisberger 26
100%
2013 Ben Roethlisberger 28
100%
2014 Ben Roethlisberger 32
100%
2015 Ben Roethlisberger 21
100%
2016 Ben Roethlisberger 29
100%
2017 Ben Roethlisberger 28
100%
2018 Ben Roethlisberger 34
100%
2020 Ben Roethlisberger 33
100%
2021 Ben Roethlisberger 22
100%
1970 Terry Bradshaw 6
95%
1971 Terry Bradshaw 13
95%
1972 Terry Bradshaw 12
95%
1973 Terry Bradshaw 10
95%
1974 Terry Bradshaw 7
95%
1975 Terry Bradshaw 18
95%
1976 Terry Bradshaw 10
95%
1977 Terry Bradshaw 17
95%
1978 Terry Bradshaw 28
95%
1979 Terry Bradshaw 26
95%
1980 Terry Bradshaw 24
95%
1981 Terry Bradshaw 22
95%
1982 Terry Bradshaw 17
95%
2024 Russell Wilson 16
93%
2022 Kenny Pickett 7
88%
2023 Kenny Pickett 6
88%
2019 Mason Rudolph 13
71%
1997 Kordell Stewart 21
55%
1998 Kordell Stewart 11
55%
2000 Kordell Stewart 11
55%
2001 Kordell Stewart 14
55%
2002 Tommy Maddox 20
44%
2003 Tommy Maddox 18
44%
1991 Neil O'Donnell 11
40%
1992 Neil O'Donnell 13
40%
1993 Neil O'Donnell 14
40%
1994 Neil O'Donnell 13
40%
1995 Neil O'Donnell 17
40%
1988 Bubby Brister 11
25%
1989 Bubby Brister 9
25%
1990 Bubby Brister 20
25%
1984 Mark Malone 16
18%
1985 Mark Malone 13
18%
1986 Mark Malone 15
18%
1987 Mark Malone 6
18%
1961 Rudy Bukich / Bobby Layne 11
17%
1958 Bobby Layne 13
16%
1959 Bobby Layne 33
16%
1960 Bobby Layne 13
16%
1962 Bobby Layne 9
16%
1966 Ron Smith 8
15%
1996 Mike Tomczak 15
13%
1999 Mike Tomczak 12
13%
1963 Ed Brown 21
12%
1964 Ed Brown 12
12%
1969 Terry Hanratty 8
10%
1983 Cliff Stoudt 12
9%
1968 Dick Shiner 18
7%
1952 Jim Finks 20
7%
1953 Jim Finks 8
7%
1954 Jim Finks 14
7%
1955 Jim Finks 10
7%
1965 Bill Nelsen 8
6%
1967 Bill Nelsen 10
6%
1957 Earl Morrall 12
6%
1933 Tony Holm 2
6%
1949 Joe Geri 5
5%
1950 Joe Geri 6
5%
1935 Johnny Gildea / John Doehring 2
5%
1934 Warren Heller / Harp Vaughan 2
5%
1942 Bill Dudley 2
4%
1946 Bill Dudley 2
4%
1940 Billy Patterson 3
4%
1951 Chuck Ortmann 3
4%
1936 Ed Matesic 4
4%
1939 Hugh McCullough / Coley McDonough / Boyd Brumbaugh 2
4%
1937 Max Fiske 4
4%
1948 Ray Evans 5
4%
1956 Ted Marchibroda 12
4%
1941 Boyd Brumbaugh 2
3%
1938 Frank Filchock 3
3%
1947 Johnny Clement 7
3%
No matching quizzes found
Score Distribution
Percent of People with Each Score
Percentile by Number Answered
Your Score History
You have not taken this quiz since the last reset